Faculty of Law Library — Cairo University

Official Online Catalog

A Digest Of The Law Of England With The Reference To The Conflict Of Law / (Record no. 60933)

MARC details
000 -LEADER
fixed length control field 00898nam a2200289 i 4500
003 - CONTROL NUMBER IDENTIFIER
control field EG-GICUC
005 - DATE AND TIME OF LATEST TRANSACTION
control field 20260204134602.0
008 - FIXED-LENGTH DATA ELEMENTS--GENERAL INFORMATION
fixed length control field 260204s1908 uk ||||fr ||| 00| 0 eng d
040 ## - CATALOGING SOURCE
Original cataloging agency EG-GICUC
Transcribing agency EG-GICUC
Modifying agency EG-GICUC
Description conventions rda
Language of cataloging eng
082 04 - DEWEY DECIMAL CLASSIFICATION NUMBER
Edition number 21
Classification number 341.84
Item number DI . D
092 04 - LOCALLY ASSIGNED DEWEY CALL NUMBER (OCLC)
Edition number 21
099 ## - LOCAL FREE-TEXT CALL NUMBER (OCLC)
Classification number Law1 12 341.84 DI . D 1908
100 1# - MAIN ENTRY--PERSONAL NAME
Personal name A.V.Dicey
Relator term Author.
245 ## - TITLE STATEMENT
Title A Digest Of The Law Of England With The Reference To The Conflict Of Law /
Statement of responsibility, etc. A.V.Dicey .
250 ## - EDITION STATEMENT
Edition statement 2 ed
264 #0 - PRODUCTION, PUBLICATION, DISTRIBUTION, MANUFACTURE, AND COPYRIGHT NOTICE
Place of production, publication, distribution, manufacture London :
Name of producer, publisher, distributor, manufacturer Stevens And Sons ,
Date of production, publication, distribution, manufacture, or copyright notice 1908 .
300 ## - PHYSICAL DESCRIPTION
Extent 883 Pages;
Dimensions 30 cm.
336 ## - CONTENT TYPE
Content type term text
Source rda content
337 ## - MEDIA TYPE
Media type term Computer
Source rda media
338 ## - CARRIER TYPE
Carrier type term Online Resource
Source rda carrier
546 ## - LANGUAGE NOTE
Language note Text in English
650 04 - SUBJECT ADDED ENTRY--TOPICAL TERM
Topical term or geographic name entry element Private international law
650 04 - SUBJECT ADDED ENTRY--TOPICAL TERM
Topical term or geographic name entry element Conflict Of Laws
856 ## - ELECTRONIC LOCATION AND ACCESS
Uniform Resource Identifier <a href="https://fll.law.cu.edu.eg/fulltext/th/B12-02209.pdf">https://fll.law.cu.edu.eg/fulltext/th/B12-02209.pdf</a>
905 ## - Cataloger and Reviser Names
Cataloger Name: Logain Ashraf
942 ## - ADDED ENTRY ELEMENTS (KOHA)
Source of classification or shelving scheme Dewey Decimal Classification
Koha item type Books
Edition 21
Suppress in OPAC No
Holdings
Withdrawn status Lost status Source of classification or shelving scheme Damaged status Not for loan Collection Home library Current library Date acquired Total checkouts Full call number Barcode Date last seen Copy number Price effective from Koha item type
    Dewey Decimal Classification   Not for loan القانون الدولي الخاص جــــامعة القــاهرة مكتبة كلية الحقوق - المبنى الرئيسي 04.02.2026   Law1 12 341.84 DI . D 1908 1202209 C1 B12-02209 04.02.2026 1 04.02.2026 Books
    Dewey Decimal Classification     القانون الدولي الخاص جــــامعة القــاهرة مكتبة كلية الحقوق - المبنى الرئيسي 08.02.2026   Law1 12 341.84 DI . D 1908 1202196 C2 B12-02196 08.02.2026 2 08.02.2026 Books

© All rights reserved — Faculty of Law, Cairo University